লোডিং...

Sangharsh

গ্রন্থ-পঞ্জীর বিবরন
প্রধান লেখক: Sushila Takbhaure
বিন্যাস: Printed Book
ভাষা:English
প্রকাশিত: New Delhi Jyothilink Publications 2012
সংস্করন:2nd ed.
বিষয়গুলি:
LEADER 00552 a2200181 4500
005 20151026133326.0
008 141205b xxu||||| |||| 00| 0 eng d
020 |a 8190378554 
080 |a FH  |b SUS/S 
100 |a Sushila Takbhaure 
245 |a Sangharsh 
250 |a 2nd ed. 
260 |b Jyothilink Publications  |a New Delhi  |c 2012 
300 |a 136p. 
653 |a Hindi literature - Short stories 
942 |c BK  |6 _ 
999 |c 68273  |d 68273 
952 |0 0  |1 0  |2 udc  |4 0  |6 FH_SUSS  |7 0  |9 80404  |a UL  |b UL  |d 2014-02-14  |g 0.00  |o FH SUS/S  |p 00071240  |r 2014-03-11  |v 0.00  |w 2014-02-14  |y BK